Language Quiz

Random Language or Letter Quiz

'E' Vocabulary (Medium) Quiz Stats

 Plays Quiz Updated Jan 25, 2017

Support Sporcle.
Go Orange.
Score 0/25 Timer 06:00
3 Plays Today
% Correct
editor
96.2%
espresso
96.1%
eavesdrop
95.6%
evergreen
95.5%
embassy
95.5%
empathy
95.5%
eggnog
95.4%
eliminate
95.4%
encryption
95.3%
emu
95.2%
enamel
94.7%
enzyme
94.4%
elope
94.4%
% Correct
elk
94.3%
escargot
94.2%
echolocation
93.6%
eerie
93.5%
erratic
93.5%
enthusiastic
93.3%
epiphany
93.3%
eon
92.4%
emcee
92%
esteem
90.7%
esophagus
89.5%
epiglottis
84.4%

You're not logged in!

Compare scores with friends on all Sporcle quizzes.
OR
Log In
Forgot?

From the Vault

State Quiz: California

by interludes

If California had a Tinder profile, it would look a little something like this.
Remove Ads.
Support Sporcle.
Get the best of Sporcle when you Go Orange. This ad-free experience offers more features, more stats, and more fun while also helping to support Sporcle. Thank you for becoming a member.

Show Comments

Extras

Top Quizzes Today


Score Distribution

Your Account Isn't Verified!

In order to create a playlist on Sporcle, you need to verify the email address you used during registration. Go to your Sporcle Settings to finish the process.

Report this User

Report this user for behavior that violates our Community Guidelines.

Details: